Le fugitif (Record no. 4814)

MARC details
000 -LEADER
fixed length control field 00634cam a22002291 4500
001 - CONTROL NUMBER
control field af 48001990
003 - CONTROL NUMBER IDENTIFIER
control field DLC
005 - DATE AND TIME OF LATEST TRANSACTION
control field 20260227110852.0
008 - FIXED-LENGTH DATA ELEMENTS--GENERAL INFORMATION
fixed length control field 890405s1945 fr 000 1 fre c
010 ## - LIBRARY OF CONGRESS CONTROL NUMBER
LC control number af 48001990
035 ## - SYSTEM CONTROL NUMBER
System control number (OCoLC)19500131
040 ## - CATALOGING SOURCE
Original cataloging agency California. Univ. Libr.
Transcribing agency CU
Modifying agency DLC
041 1# - LANGUAGE CODE
Language code of text/sound track or separate title fre
Language code of original ger
042 ## - AUTHENTICATION CODE
Authentication code premarc
050 00 - LIBRARY OF CONGRESS CALL NUMBER
Classification number PT2613.R334
Item number R43
100 1# - MAIN ENTRY--PERSONAL NAME
Personal name Grane, John.
245 13 - TITLE STATEMENT
Title Le fugitif
Remainder of title (Der Reisende) roman.
Statement of responsibility, etc. Tr. de l'allemand par Maurice Rémon.
260 ## - PUBLICATION, DISTRIBUTION, ETC.
Place of publication, distribution, etc. Paris,
Name of publisher, distributor, etc. A. Michel
Date of publication, distribution, etc. [1945]
300 ## - PHYSICAL DESCRIPTION
Extent 268 p.
Dimensions 20 cm.
700 1# - ADDED ENTRY--PERSONAL NAME
Personal name Rémon, Maurice,
Dates associated with a name 1861-
Relator term tr.
740 4# - ADDED ENTRY--UNCONTROLLED RELATED/ANALYTICAL TITLE
Uncontrolled related/analytical title Der Reisende.

No items available.

Powered by Koha